| 000 | 00674nam a22002177a 4500 | ||
|---|---|---|---|
| 003 | OSt | ||
| 005 | 20260313012636.0 | ||
| 008 | 260313b |||||||| |||| 00| 0 eng d | ||
| 020 | _a971-506-224-5. | ||
| 040 |
_aDWCL Main lib _cOC |
||
| 082 | _aFil. 808.06 V715i 2003 | ||
| 100 | _aVillamarzo, Perla C. | ||
| 245 |
_aInteractive technical writing _cPerla C. Villamarzo |
||
| 260 |
_aManila : _bUST Publishing House, _cc2003. |
||
| 300 |
_axiv, 186 p. : _bill. ; _c23 cm. |
||
| 501 | _aIncludes bibliographical references and index. | ||
| 650 | _a1. Technical writing. | ||
| 700 | _aJosephine G. Relis | ||
| 700 | _aEstrella E. Cruz | ||
| 942 |
_2ddc _cBK - FIL _kFil. _n0 |
||
| 999 |
_c9087 _d9087 |
||